[Event "Sinquefield Cup 5th"]
[Site "Saint Louis"]
[Date "2017.08.04"]
[Round "3"]
[White "Vachier Lagrave, Maxime"]
[Black "Svidler, Peter"]
[Result "1/2-1/2"]
[WhiteElo "2791"]
[BlackElo "2749"]
[Annotator "Roiz,M"]
[PlyCount "85"]
[EventDate "2017.08.02"]
[EventType "tourn"]
[EventRounds "9"]
[EventCountry "USA"]
[EventCategory "22"]
[SourceTitle "CBM 180"]
[Source "ChessBase"]
[SourceDate "2017.09.13"]
[SourceVersion "1"]
[SourceVersionDate "2017.09.13"]
[SourceQuality "1"]

1. e4 e5 2. Nf3 Nc6 3. Bb5 a6 4. Ba4 Nf6 5. O-O Be7 6. d3 b5 7. Bb3 d6 8. a3
Na5 9. Ba2 c5 10. Nc3 Be6 11. Nh4 ({Previously, Maxim has sucessfully employed
} 11. Bg5 O-O 12. Bxf6 Bxf6 13. Nd5 Nc6 ({Possibly,} 13... g6 $5 14. c3 Bg7 15.
Ne3 c4 $132 {offers Black an adequate counterplay.}) 14. a4 g6 15. c3 Bg7 16.
Ne3 b4 17. a5 bxc3 18. bxc3 Nxa5 19. Bxe6 fxe6 20. Qa4 Nb7 21. Rfb1 $36 {
Vachier Lagrave,M - Piorun,K Caleta ENG 2017}) ({There is the quite harmless} 
11. Nd5 Nxd5 12. Bxd5 Bxd5 13. exd5 O-O 14. b4 Nb7 15. c3 Qc7 16. Re1 f5 $132 {
Anand,V -Adams,M Baden-Baden GER 2013}) 11... O-O 12. Nf5 Nc6 13. Nd5 $1 $146 {
An ambitious continuation, which provoked Black to exchange the light-squared
bishop.} (13. Bg5 Bxa2 14. Rxa2 Ne8 15. Be3 Bg5 16. Nd5 (16. Qg4 $5 Bxe3 17.
fxe3 g6 18. Raa1 Kh8 19. Nh4 $14) 16... Bxe3 17. Nfxe3 Nf6 $11 {Hovhannisyan,R
- Piorun,K Gjakova KOS 2016}) (13. Ne3 Nd7 14. Ncd5 Bg5 15. g3 Bxe3 16. Bxe3
Kh8 17. b4 Ne7 18. Nxe7 Qxe7 $11 {Timofeev,A - Matlakov,M Sochi RUS 2016})
13... Bxf5 14. exf5 Nxd5 15. Bxd5 Rc8 {At the moment, White has full control
over the light squares. On the other hand, the unfavourable change of pawn
structure makes it hard to make use of the bishop pair.} 16. a4 $1 {Since
Black's rook has left its initial spot, it definitely makes sense to open the
a-file.} ({A less promising try was} 16. Qh5 Bf6 17. g4 h6 18. Kh1 (18. h4 Bxh4
19. Bxh6 gxh6 20. Qg6+ Kh8 21. Qxh6+ Kg8 22. Qg6+ Kh8 $11) 18... Bg5 19. Be3
Qf6 $132) 16... Bf6 ({Hardly better was} 16... b4 17. Be3 Bf6 18. c4 bxc3 (
18... Ne7 19. Be4 d5 20. cxd5 Nxd5 21. Qb3 Nxe3 22. fxe3 $14) 19. bxc3 Ne7 20.
Bb7 Rc7 21. Bxa6 Nxf5 22. Bd2 $14 {, and White's bishops would support the
passer.}) 17. axb5 axb5 18. c4 $1 {There is a deep strategic idea behind this
move - the stability in the centre favours White, who has a clear attacking
plan on the k-side. At the same time, the d4-spot still doesn't fully belong
to Black's knight.} ({The alternatives were much weaker:} 18. g4 Bg5 19. Be3
Bxe3 20. fxe3 Qg5 21. Qe2 Ne7 22. Bg2 d5 $132) (18. Be3 Nb4 19. Bf3 d5 20. c3
d4 $1 {is by no means worse for Black.}) 18... bxc4 $6 {Opening-up the d-file
would expose the d6-pawn and invite fresh troubles.} ({However, White would be
better in other cases too:} 18... Nd4 19. Qh5 Qe7 20. Ra2 h6 21. Be4 $14) ({Or
} 18... Qd7 19. Qh5 Ne7 20. Be4 d5 21. cxd5 Nxd5 22. Qf3 Rfd8 23. Bd2 $14) 19.
dxc4 Bg5 (19... Nd4 20. Qh5 Nb3 21. Ra6 Nxc1 22. Rxc1 $16) 20. Be3 Kh8 ({
The difference in the effectivity of the bishops is well illustrated in the
following line:} 20... Nd4 $2 21. Bxd4 $1 exd4 (21... cxd4 22. b4 Qd7 23. Qf3
$18) 22. f4 Bf6 23. g4 h6 24. Ra3 $1 Qd7 25. g5 hxg5 26. Rh3 $18 {with a
decisive attack.}) ({Nor does Black's position look attractive after} 20... h6
21. Ra6 Nd4 22. Qg4 $16) 21. Qh5 h6 $2 {Peter is trying to change the
unfavourable course of the game, but Black doesn't get any compensation for
the pawn.} ({The lesser evil was} 21... Bxe3 22. fxe3 f6 23. Rfd1 $1 Qb6 24.
Qf3 Nb4 25. Be4 Rfd8 26. g4 $16 {Black's position lacks any adequate ideas,
whereas White has a clear attacking plan.}) 22. Bxf7 Nd4 23. h4 ({Another
decent way of handling the position was} 23. Bxd4 cxd4 24. b4 $1 e4 25. Be6 Rb8
26. b5 e3 27. fxe3 dxe3 28. Qe2 $18 {, and the b-passer should secure a win.})
23... Bxe3 (23... Qe7 24. hxg5 Qxf7 25. Qxf7 Rxf7 26. g4 hxg5 27. Kg2 Kg8 28.
Rh1 {should be winning for White, though the technical task might not be easy.}
) 24. fxe3 Qf6 25. Ra7 ({There was no reason for rejecting the natural} 25. Bg6
Nc2 26. Rac1 Nxe3 27. Rf3 {, trapping the knight. The play might continue:}
Nxc4 28. Rxc4 d5 29. Rc2 e4 30. Re3 Rb8 31. Qe2 $18 {Despite the powerful
central passers, Black's position is completely hopeless.}) 25... Ne2+ 26. Qxe2
({Another possibility was} 26. Kh2 e4 27. Qxe2 Rxf7 28. Rxf7 Qxf7 29. Qg4 Qxc4
30. f6 $18) 26... Rxf7 27. Rxf7 Qxf7 28. Qg4 {White is a pawn up in a better
position.} (28. g4 $1 {was simpler:} Qf6 29. g5 hxg5 30. Qh5+ Qh6 31. Qxg5 Rb8
32. Rf2 Rb3 33. Re2 Rb4 34. Rc2 Rb3 35. Kf2 $18) 28... Rb8 29. Ra1 $1 Qf6 30.
Qe4 (30. Qg6 Qe7 31. h5 $18) 30... Kh7 {Despite some inaccuracies, White's
position is still winning. Unfortunately, Maxim is committing a blunder and
spoiling all the advantage.} ({The pawn was untouchable:} 30... Rxb2 31. Ra8+
Kh7 32. g4 $18) 31. Ra2 $2 ({The correct move was} 31. h5 $1 Rxb2 32. Ra8 d5 (
32... Rd2 33. Kh2 Rb2 34. Kh3 $18) 33. Qg4 Qg5 34. Qxg5 hxg5 35. cxd5 Rd2 36.
g4 Rxd5 37. Kf2 $18 {, and the resulting rook endgame is completely hopeless
for Black - there are too many weaknesees.}) 31... h5 $1 {Now Black's king is
much safer! It turns out, that there is no way to keep the extra pawn.} 32. Kh2
({The best practical chance was:} 32. g3 Rf8 33. Ra6 Qxf5 34. Qxf5+ Rxf5 35.
Rxd6 Rf3 36. Kg2 Rxe3 37. Rd5 {, but even then after} g5 $1 38. Rxc5 (38. hxg5
Re2+ 39. Kf3 Rxb2 40. Rxc5 Rc2 $11) 38... gxh4 39. gxh4 Kg6 40. b4 Kf5 41. b5
Rb3 42. Rc6 Kf4 {Black is obtaining sufficient counter-play.}) 32... d5 $1 {
Now Black is safe.} 33. Qxd5 (33. cxd5 Rb4 34. Qf3 Qxh4+ 35. Qh3 Qg5 $11) 33...
Qxh4+ 34. Kg1 Qe1+ 35. Kh2 Qh4+ 36. Kg1 Qe1+ 37. Kh2 Qxe3 {The character of
play has drastically changed, so Peter pushes for more.} 38. Qf7 {The simplest.
Now the game ends.} Qf4+ 39. Kh1 Qh4+ 40. Kg1 Qe1+ 41. Kh2 Qh4+ 42. Kg1 Qd4+
43. Kh1 1/2-1/2

[Event "Gashimov Memorial-B 1st"]
[Site "Shamkir"]
[Date "2014.04.24"]
[Round "5"]
[White "Safarli, Eltaj"]
[Black "Eljanov, Pavel"]
[Result "0-1"]
[WhiteElo "2656"]
[BlackElo "2732"]
[Annotator "Sagar Shah"]
[PlyCount "170"]
[EventDate "2014.03.21"]
[EventType "tourn"]
[EventRounds "9"]
[EventCountry "AZE"]
[EventCategory "17"]
[SourceTitle "CBM 160"]
[Source "ChessBase"]
[SourceDate "2014.05.15"]
[SourceVersion "1"]
[SourceVersionDate "2014.05.15"]
[SourceQuality "1"]
[TimeControl "40/7200:20/3600:900+30"]
[WhiteClock "0:59:26"]
[BlackClock "0:56:56"]

1. e4 {[%emt 0:00:03]} e5 {[%emt 0:00:12]} 2. Nf3 {[%emt 0:00:08]} Nc6 {
[%emt 0:00:02]} 3. Bb5 {[%emt 0:00:08]} a6 {[%emt 0:00:04]} 4. Ba4 {[%emt 0:00:
08]} Nf6 {[%emt 0:00:04]} 5. O-O {[%emt 0:00:14]} Be7 {[%emt 0:00:02]} 6. d3 {
[%emt 0:00:09]} b5 {[%emt 0:00:46]} 7. Bb3 {[%emt 0:00:08]} O-O {[%emt 0:00:38]
} 8. a4 {[%emt 0:00:29]} b4 {[%emt 0:00:08]} 9. Nbd2 {[%emt 0:01:07]} (9. h3 d6
10. Nbd2 Na5 11. Ba2 c5 12. c3 Nc6 13. Nc4 h6 14. Ne3 Rb8 15. Nd5 Be6 16. Bd2
Bxd5 17. Bxd5 Nxd5 18. exd5 Na5 19. Re1 f5 20. Nh2 bxc3 21. Bxc3 Nb3 22. Ra3
Qb6 23. Nf1 Qb7 24. Ne3 Nd4 25. Qh5 Bg5 26. Qd1 f4 27. Nc4 Qxd5 28. Bxd4 Qxd4
29. Re4 Qd5 30. Qg4 Rfd8 31. a5 Rb5 32. Ra1 Qf7 33. Rae1 Qd7 34. Qd1 Qf5 35.
Qa4 Bf6 36. Na3 Rxb2 37. Qc6 d5 {0-1 (37) Naiditsch,A (2710)-Karjakin,S (2782)
Kiev 2013}) 9... Bc5 {[%emt 0:02:11]} 10. Nc4 {[%emt 0:00:54]} d6 {[%emt 0:00:
06]} 11. h3 {[%emt 0:03:20]} h6 {[%emt 0:05:04]} 12. c3 {[%emt 0:09:06]} Rb8 {
[%emt 0:12:12]} 13. a5 {[%emt 0:27:05]} bxc3 {[%emt 0:13:10]} 14. bxc3 {
[%emt 0:00:05]} Be6 {[%emt 0:00:16]} 15. Be3 $146 {[%emt 0:11:18]} (15. Ba4
Bxc4 16. Bxc6 Bb5 17. Bxb5 Rxb5 18. d4 exd4 19. cxd4 Bb4 20. Bd2 c5 21. e5 dxe5
22. dxe5 Ne4 23. Be3 Qxd1 24. Rfxd1 Bxa5 25. Rdc1 Rfb8 26. Kh2 Bc3 27. Rxa6 Re8
28. Rc6 Bxe5+ 29. Nxe5 Rxe5 30. f3 Ng5 31. R6xc5 Nxf3+ 32. gxf3 Rb2+ 33. R5c2
Rxc2+ 34. Rxc2 Rxe3 35. Kg3 Kh7 36. h4 Kg6 37. Rc5 Kf6 38. Rc7 Re7 39. Rc5 Re5
40. Rc7 Kg6 41. Kg4 Kf6 42. Rc6+ Re6 43. Rc7 g6 44. Ra7 Rd6 {Kobalia,M (2651)
-Jakovenko,D (2713) Khanty-Mansiysk 2013 1/2-1/2 (65)}) 15... Bxe3 {[%emt 0:02:
12]} 16. fxe3 {[%emt 0:00:05]} Ne7 {[%emt 0:18:58]} 17. Qc2 {[%emt 0:06:50]}
Ng6 {[%emt 0:01:40]} 18. Rfb1 {[%emt 0:11:48]} Qe7 {[%emt 0:04:41]} 19. Ba2 {
[%emt 0:03:58]} Rb5 {[%emt 0:06:08]} 20. Ncd2 {[%emt 0:02:00]} Rfb8 {[%emt 0:
01:58]} 21. Bxe6 {[%emt 0:00:22]} Qxe6 {[%emt 0:03:14]} 22. c4 {[%emt 0:00:51]}
Rxb1+ {[%emt 0:01:49]} 23. Rxb1 {[%emt 0:00:02]} Qe8 {[%emt 0:00:09]} 24. Rxb8
{[%emt 0:05:27]} Qxb8 {[%emt 0:00:04]} 25. Qb3 {[%emt 0:00:15]} Qxb3 {[%emt 0:
03:19]} 26. Nxb3 {[%emt 0:00:02]} c5 {[%emt 0:00:12]} 27. Nfd2 {[%emt 0:02:43]}
Nf8 {[%emt 0:03:13]} 28. Nb1 {[%emt 0:01:45]} Ne6 {[%emt 0:00:29]} 29. Nc3 {
[%emt 0:00:12]} Kf8 {[%emt 0:07:36]} 30. Nd5 {[%emt 0:04:34]} Ng8 {[%emt 0:00:
10]} 31. Kf2 {[%emt 0:02:44]} Ne7 {[%emt 0:00:09]} 32. Ke2 {[%emt 0:07:44]} Nc6
{[%emt 0:01:44]} 33. Kd2 {[%emt 0:00:13]} g6 {[%emt 0:07:38]} 34. Nb6 {[%emt 0:
05:51]} Ke8 {[%emt 0:02:34]} 35. Nc8 {[%emt 0:00:31]} Kd7 {[%emt 0:00:04]} 36.
Nb6+ {[%emt 0:00:03]} Kd8 {[%emt 0:01:06]} 37. Nd5 {[%emt 0:00:47]} h5 {
[%emt 0:00:25]} 38. Nf6 {[%emt 0:01:24]} Ke7 {[%emt 0:04:49]} 39. Nd5+ {
[%emt 0:00:21]} Kf8 {[%emt 0:00:22]} 40. Ke2 {[%emt 0:00:00]} Ned8 {[%emt 0:00:
00]} 41. Nc7 {[%emt 0:05:57]} (41. Kd2) 41... Ke7 {[%emt 0:10:53]} 42. d4 {
[%emt 0:19:28]} exd4 {[%emt 0:04:20]} 43. exd4 {[%emt 0:00:07]} cxd4 {[%emt 0:
00:49]} 44. Nxa6 {[%emt 0:00:32]} Ne6 {[%emt 0:00:36]} 45. g3 {[%emt 0:02:33]}
Kf6 {[%emt 0:05:26]} 46. Kd3 {[%emt 0:07:29]} Ke5 {[%emt 0:05:21]} 47. h4 {
[%emt 0:01:10]} f5 {[%emt 0:24:19]} 48. exf5 {[%emt 0:00:48]} Kxf5 {[%emt 0:03:
05]} 49. Ke2 {[%emt 0:02:31]} Kg4 {[%emt 0:00:07]} 50. Kf2 {[%emt 0:01:04]} Kh3
{[%emt 0:02:26]} 51. Kf3 {[%emt 0:01:19]} d3 {[%emt 0:02:20]} 52. Nd2 {[%emt 0:
01:33]} Nxa5 {[%emt 0:00:39]} 53. Nb4 {[%emt 0:00:04]} Nc5 {[%emt 0:01:30]} 54.
Nd5 {[%emt 0:00:27]} Nab3 {[%emt 0:02:35]} 55. Nxb3 {[%emt 0:08:25]} Nxb3 {
[%emt 0:00:04]} 56. Nf4+ {[%emt 0:00:05]} Kh2 {[%emt 0:00:02]} 57. Nxd3 {
[%emt 0:05:34]} Nd2+ {[%emt 0:00:04]} 58. Ke3 {[%emt 0:02:04]} Nxc4+ {[%emt 0:
02:51]} 59. Kf2 {[%emt 0:00:13]} Kh3 {[%emt 0:00:55]} 60. Nf4+ {[%emt 0:00:00]}
Kg4 {[%emt 0:00:00]} 61. Nxg6 {[%emt 0:01:51]} Nd2 {[%emt 0:00:00] We join the
game at a point where it is very much equal. White can maintian equality if he
just moves his knight to h8 or even to e7. As things turn out, White blunders
and gives Black chances for a win.} 62. Ke3 $2 {[%emt 0:06:32]} (62. Nh8 $1 {
[%csl Rd6][%cal Gh8f7] The knight intends to come to f7 and attack the d6 pawn
in order for it advance so that the knight gets the e5 square.} Ne4+ 63. Ke3
Nxg3 64. Nf7 $1 d5 65. Kd4 Kxh4 66. Kxd5 Kg4 {The thing that is different from
the game is that the white knight is better placed and Black is a tempo behind.
} 67. Ne5+ Kf4 68. Ng6+ Kg5 69. Ne5 Kf5 70. Kd4 h4 (70... Ne2+ 71. Ke3) 71. Nf3
h3 72. Ke3 $11) (62. Ne7) 62... Nf1+ {[%emt 0:00:00]} 63. Ke4 {[%emt 0:00:08]}
Nxg3+ $19 {[%emt 0:00:00] Surprisingly Black is winning this game. The reasons
for that are the following: the white knight is poorly placed on g6, it
doesn't have the e5 square. Black will gain a tempo when he will take Nh4. You
can see how little things affect the result of this ending.} 64. Kd5 {[%emt 0:
00:07]} Nf5 {[%emt 0:00:46]} 65. Ke4 {[%emt 0:00:08]} d5+ {[%emt 0:05:01]
Sagar Shah: '!' Sagar Shah: 'Deflecting the white king.'} (65... Nxh4 $2 66.
Nf4 $11 {White would be very happy!}) 66. Kxd5 {[%emt 0:01:04]} Nxh4 {[%emt 0:
00:05]} 67. Ne5+ {[%emt 0:03:32]} Kf4 $1 {[%emt 0:00:04] Shouldering the white
king.} 68. Ke6 {[%emt 0:00:57]} (68. Nd3+ Kg3 $19 {The king is best placed
from the knight two squares away on the same file or rank.}) 68... Nf3 $1 {
[%emt 0:01:03]} 69. Ng6+ {[%emt 0:00:15]} Kg5 {[%emt 0:00:11]} 70. Kf7 {
[%emt 0:00:09] How should Black progress now? The knight must be dislodged
from g6. For that we must bring our knight to f4.'} Nd4 {[%emt 0:06:00] Sagar
Shah: '!'} 71. Kg7 {[%emt 0:01:25]} Ne6+ {[%emt 0:00:08]} 72. Kf7 {[%emt 0:00:
14]} Nf4 {[%emt 0:03:18]} 73. Ne5 {[%emt 0:00:22]} Kf5 {[%emt 0:00:04]} (73...
h4 $2 74. Nf3+ $11 {Haste makes waste.}) 74. Nf3 {[%emt 0:00:33]} Kg4 {[%emt 0:
00:08]} (74... Ke4 75. Nh4 $11) 75. Ne5+ {[%emt 0:00:35]} Kg3 {[%emt 0:00:03]
Another rule in the knight ending. The black king is best placed one square
away from an opposing knight on a diagonal. From e5, it will take three moves
for the white knight to check the black king.'} 76. Kf6 {[%emt 0:00:08]} h4 {
[%emt 0:00:04] Sagar Shah: 'The pawn finally starts moving! Eltaj must have
really felt helpless.'} 77. Kg5 {[%emt 0:00:06]} h3 {[%emt 0:00:44]} 78. Ng4 {
[%emt 0:00:04] Sagar Shah: 'Now the final trick is to distract the knight from
g4.'} Ne6+ {[%emt 0:01:53]} (78... Nd3 79. Kf5 Nf2 80. Ne3 Kf3 81. Nf1 Kg2 82.
Ne3+ Kg1 $19 {Just like in the last case this would have been the fastest way
to win. You can spot the pattern how the knight came to f4 to distract white
knight from g6 and now to f2, and then the king goes to one square away from
the knight diagonally.}) 79. Kh5 {[%emt 0:00:36]} Nf4+ {[%emt 0:03:03]} 80. Kg5
{[%emt 0:00:02]} Ng6 {[%emt 0:00:35]} 81. Ne3 {[%emt 0:01:04]} Kf2 {[%emt 0:01:
12]} 82. Ng4+ {[%emt 0:00:27]} Kf3 {[%emt 0:00:10]} 83. Nh2+ {[%emt 0:02:21]}
Kg2 {[%emt 0:00:20]} 84. Ng4 {[%emt 0:00:06]} Ne5 $1 {[%emt 0:00:10] The final
distraction.} 85. Ne3+ {[%emt 0:00:29]} Kf2 {[%emt 0:00:17] A beautiful
endgame effort by Eljanov which enforces the endgame truth that knights really
struggle with the rook pawns.} 0-1

[Event "Abu Dhabi op 23rd"]
[Site "Abu Dhabi"]
[Date "2015.08.23"]
[Round "1"]
[White "Almasi, Zoltan"]
[Black "Rohan, Ahuja"]
[Result "1-0"]
[WhiteElo "2700"]
[BlackElo "2389"]
[Annotator "Sagar Shah"]
[PlyCount "133"]
[EventDate "2015.08.23"]
[EventType "swiss"]
[EventRounds "9"]
[EventCountry "UAE"]
[SourceTitle "EXT 2016"]
[Source "ChessBase"]
[SourceDate "2015.10.08"]
[SourceVersion "1"]
[SourceVersionDate "2015.10.08"]
[SourceQuality "1"]
[WhiteClock "0:02:54"]
[BlackClock "0:02:35"]

1. e4 e5 2. Nf3 Nc6 3. Bb5 a6 4. Ba4 Nf6 5. O-O Be7 6. d3 b5 7. Bb3 d6 8. a4
Bd7 9. c3 O-O 10. Bc2 b4 11. Nbd2 Rb8 12. Re1 h6 13. h3 Re8 14. d4 bxc3 15.
bxc3 exd4 16. cxd4 Nb4 17. Bb1 d5 18. e5 Nh7 19. Nf1 Nf8 20. Be3 Ne6 21. Ng3 c5
22. Nf5 cxd4 23. N3xd4 Nxd4 24. Bxd4 Bxf5 25. Bxf5 Nc6 26. e6 fxe6 27. Bxe6+
Kh8 28. Rc1 Nxd4 29. Qxd4 Bf6 30. Qxd5 Qxd5 31. Bxd5 Rxe1+ 32. Rxe1 a5 33. g3
Rd8 34. Bc4 h5 35. h4 Kh7 36. Re6 Rd2 37. Be2 Kg6 38. Kf1 Ra2 39. Bb5 Kf5 40.
Bd7 Ra1+ 41. Kg2 Bd4 42. Ra6+ Ke5 43. Rxa5+ Kd6 44. Be8 Ke7 45. Bxh5 Ra2 46.
Rf5 Rxa4 47. Rf4 Rb4 48. Re4+ Kd6 49. Bf7 Kc5 50. f4 Rb2+ 51. Kh3 Rb1 52. Re6
Rh1+ 53. Kg4 Rg1 54. Rg6 Bf2 55. Kf3 Bd4 56. h5 Rh1 57. Kg4 Bf6 {Diagram [#]
White with his two extra pawns should of course be winning but opposite
coloured bishop endings can often be tricky. Almasi finds a very simple and
straight forward way to break his opponent's blockade.} 58. Rxf6 $1 {Not very
difficult to find for a player of Almasi's calibre.} gxf6 59. Kf5 Rh3 60. Kxf6
(60. g4 Rf3 61. h6 Rh3 62. Bh5 $18 {was also winning.}) 60... Rxg3 61. h6 Rh3
62. Kg7 Kd4 63. Bg6 Ra3 (63... Ke3 64. f5 $18 {and the h-pawn queens.}) 64. h7
Ra7+ 65. Bf7 Ra8 66. Bg8 Ra7+ 67. Kg6 1-0